[Event "Elite Hotels Open 2015"]
[Site "Elite Stadshotellet, Vaxjo"]
[Date "2015.02.14"]
[Round "5.24"]
[White "Henriksson, Johan"]
[Black "Sjodahl, Sten"]
[Result "1-0"]
[WhiteElo "2241"]
[BlackElo "2051"]

1.d4 d5 2.Nf3 Nf6 3.c4 c6 4.Nc3 e6 5.g3 Bb4 6.Bg2 O-O 7.Qb3 Bxc3+ 8.bxc3 
Nbd7 9.O-O Re8 10.Nd2 b6 11.a4 Ba6 12.Re1 Rc8 13.Ba3 c5 14.cxd5 exd5 15.e3
Ne4 16.Rad1 cxd4 17.Nxe4 dxe4 18.Rxd4 Qc7 19.Red1 Nf6 20.Bb2 Qc5 21.Qb4 
Qf5 22.h3 h5 23.c4 Rc5 24.Bf1 h4 25.Qe1 hxg3 26.fxg3 Qe6 27.Rd6 Qf5 28.
Bxf6 gxf6 29.g4 Qe5 30.Qh4 Kg7 31.R1d5 Rxd5 32.Rxd5 Qa1 33.g5 Rh8 34.Qg4 
f5 35.Qxf5 Bc8 36.Qxe4 Bxh3 37.Qd4+ Qxd4 38.exd4 Be6 39.Re5 Rh4 40.d5 Bd7 
41.a5 Ba4 42.Bd3 Bb3 43.d6 Rd4 44.Rd5 Rxd5 45.cxd5 Kf8 46.axb6 axb6 47.Bb5
Bxd5 48.Kf2 Be4 49.Ke3 Bg6 50.Kf4 f6 51.gxf6 1-0

[Event "Elite Hotels Open 2015"]
[Site "Elite Stadshotellet, Vaxjo"]
[Date "2015.02.14"]
[Round "5.25"]
[White "Emmoth, Alfons"]
[Black "Lekander, Rolf"]
[Result "0-1"]
[WhiteElo "1714"]
[BlackElo "2231"]

1.d4 d5 2.c4 c6 3.cxd5 cxd5 4.Nc3 Nf6 5.Bf4 Nc6 6.e3 a6 7.Bd3 e6 8.Nge2 
Nh5 9.Rc1 g6 10.Bb1 Bg7 11.a3 O-O 12.h3 Nxf4 13.Nxf4 Qd6 14.b4 Nxd4 15.Nh5
Nc6 16.Nxg7 Kxg7 17.h4 Rd8 18.h5 e5 19.Qe2 Be6 20.Rd1 Qe7 21.Qf3 Rac8 22.
Nxd5 Bxd5 23.Rxd5 Rxd5 24.Qxd5 Nxb4 25.Qd2 Nc6 26.e4 Rd8 27.Qc1 g5 28.h6+ 
Kh8 29.Ba2 Rd3 30.O-O Rd6 31.Qb2 Rxh6 32.f4 Qc5+ 33.Qf2 Qxf2+ 34.Rxf2 gxf4
35.Bxf7 Nd4 36.Bd5 Rb6 37.Kh2 Kg7 38.Kg1 Rb1+ 39.Kh2 b5 40.Ra2 a5 41.Ba8 
Kf6 42.Bd5 Kg5 43.Ba8 h6 44.Bd5 Rc1 0-1

[Event "Elite Hotels Open 2015"]
[Site "Elite Stadshotellet, Vaxjo"]
[Date "2015.02.14"]
[Round "5.26"]
[White "Lindh, Fredrik"]
[Black "Pantzar, Milton"]
[Result "0-1"]
[WhiteElo "2219"]
[BlackElo "2042"]

1.e4 e6 2.d4 d5 3.Nc3 Nf6 4.e5 Nfd7 5.f4 c5 6.Nf3 Nc6 7.Be3 cxd4 8.Nxd4 
Bc5 9.Qd2 Nxd4 10.Bxd4 a6 11.Bxc5 Nxc5 12.Qd4 Qc7 13.O-O-O O-O 14.Bd3 b5 
15.f5 Nxd3+ 16.Rxd3 Qc4 17.Qe3 exf5 18.Rd4 Qc5 19.Nxd5 Be6 20.Nf6+ Kh8 21.
Nxh7 Rac8 22.c3 Kxh7 23.Rh4+ Kg8 24.Qh3 f6 25.Rh8+ Kf7 26.Rh7 Qxe5 27.Rd1 
f4 28.Qh4 Qg5 29.Qf2 f3+ 30.Rd2 Kg8 31.h4 Qg6 0-1

[Event "Elite Hotels Open 2015"]
[Site "Elite Stadshotellet, Vaxjo"]
[Date "2015.02.14"]
[Round "5.27"]
[White "Ask, Josef"]
[Black "Olsson, Lars F"]
[Result "1-0"]
[WhiteElo "2174"]
[BlackElo "2002"]

1.e4 c5 2.d3 Qc7 3.Be2 Nc6 4.c3 Nf6 5.f4 d6 6.Nf3 e6 7.Na3 Be7 8.O-O d5 9.
e5 Nd7 10.d4 a6 11.Nc2 b5 12.Kh1 g6 13.dxc5 Nxc5 14.Be3 Bb7 15.Nfd4 Na4 
16.Rb1 Nb6 17.Bg1 Rc8 18.Bd3 Nc4 19.Rf3 h5 20.Rh3 Kd7 21.Qe2 g5 22.Rxh5 
gxf4 23.Nxc6 Bxc6 24.Bxc4 bxc4 25.Bd4 Qa5 26.a3 Qa4 27.Nb4 Bb7 28.Rf1 a5 
29.Na2 Rxh5 30.Qxh5 Qb3 31.Nc1 Qxb2 32.Ne2 Bxa3 33.Qxf7+ Be7 34.Nxf4 Rc6 
35.Ng6 Qa3 36.Nf8+ 1-0

[Event "Elite Hotels Open 2015"]
[Site "Elite Stadshotellet, Vaxjo"]
[Date "2015.02.14"]
[Round "5.28"]
[White "Eriksson, Kristian"]
[Black "Eidenert, Carl"]
[Result "1-0"]
[WhiteElo "2153"]
[BlackElo "1990"]

1.e4 c6 2.Nf3 d5 3.exd5 cxd5 4.c4 Nf6 5.cxd5 Nxd5 6.Nc3 Nc6 7.Bb5 Nxc3 8.
bxc3 Bd7 9.O-O e6 10.d4 Be7 11.Qe2 O-O 12.Bd3 Bf6 13.Rb1 b6 14.Bf4 Ne7 15.
Qe4 Ng6 16.Bg3 Rc8 17.Rbc1 Bc6 18.Qe2 Bb7 19.Rfd1 Qe7 20.Be4 Rfd8 21.h4 
Bxe4 22.Qxe4 Rd5 23.Qg4 h5 24.Qe4 Ra5 25.Rc2 Qd8 26.c4 Qd7 27.Rdc1 Rd8 28.
c5 bxc5 29.dxc5 Rc8 30.Bd6 Ra4 31.Qd3 Nxh4 32.Nxh4 Rxh4 33.c6 Qe8 34.Qa6 
Rd4 35.c7 Qd7 36.Rc6 Rd5 37.Rb1 Rxd6 38.Rxd6 Qxc7 39.Rbd1 Be5 40.Qxc8+ 
Qxc8 41.Rd8+ Qxd8 42.Rxd8+ Kh7 43.Rd7 a5 44.Rxf7 Kg6 45.Rf3 Bb2 46.Rb3 Bc1
47.Rc3 Bd2 48.Rc4 Kf5 49.Kf1 e5 50.Ke2 Bb4 51.Rc7 g5 52.Ke3 h4 53.Rf7+ Kg4
54.Ke4 Bc3 55.Rf3 Bb2 56.Rb3 Bd4 57.Rf3 Bb2 58.Rf5 Bd4 59.f3+ Kg3 60.Rxg5+
Kf2 61.a4 Bc3 62.Rg4 Bb2 63.Rxh4 Kxg2 64.Rh7 Kg3 65.Rc7 Bd4 66.f4 1-0

[Event "Elite Hotels Open 2015"]
[Site "Elite Stadshotellet, Vaxjo"]
[Date "2015.02.14"]
[Round "5.29"]
[White "Alsaied Ali, Firas"]
[Black "Petersson, Kjell"]
[Result "1-0"]
[WhiteElo "1691"]
[BlackElo "2148"]

1.e4 c5 2.Nf3 d6 3.Bc4 Nf6 4.d3 g6 5.Bg5 Bg7 6.h3 Nc6 7.a3 h6 8.Be3 a6 9.
Nbd2 b5 10.Ba2 Bb7 11.c3 O-O 12.O-O a5 13.Nh4 Kh7 14.f4 b4 15.Qc2 a4 16.
axb4 cxb4 17.Bc4 Qa5 18.d4 d5 19.Bd3 Ba6 20.e5 Ne4 21.Nxe4 Bxd3 22.Qxd3 
dxe4 23.Qxe4 bxc3 24.bxc3 Nd8 25.f5 Ra6 26.fxg6+ fxg6 27.Rxf8 Bxf8 28.d5 
Qxc3 29.Bd4 Qd2 30.e6 Qg5 31.Rf1 Bg7 32.Bxg7 Kxg7 33.Qd4+ Kh7 34.Rf8 Qc1+ 
35.Kh2 Qc7+ 36.g3 Qc2+ 37.Rf2 Qb1 38.Rf8 Qc2+ 39.Ng2 g5 40.Rh8+ Kg6 41.
Rg8+ Kf5 42.g4# 1-0

[Event "Elite Hotels Open 2015"]
[Site "Elite Stadshotellet, Vaxjo"]
[Date "2015.02.14"]
[Round "5.30"]
[White "Rahul Kumar, Pune"]
[Black "Tomaz, Tainan Pantano"]
[Result "0-1"]
[WhiteElo "2148"]
[BlackElo "1984"]

1.e4 e5 2.Nf3 Nc6 3.Bb5 Nd4 4.Bc4 Nxf3+ 5.Qxf3 Nf6 6.Nc3 Bc5 7.d3 c6 8.a4 
d6 9.O-O Bg4 10.Qg3 h5 11.Bg5 Qd7 12.h3 Be6 13.Be3 Bxe3 14.Qxe3 Bxc4 15.
dxc4 Qe6 16.b3 O-O 17.Rad1 a6 18.Rd3 Rad8 19.Rfd1 Rd7 20.Qd2 Rfd8 21.Kh2 
Qe7 22.f3 Kf8 23.g3 h4 24.g4 Nh7 25.c5 Ng5 26.Kg2 Qf6 27.Qe3 Ne6 28.Rxd6 
Nf4+ 29.Kh2 Rxd6 30.cxd6 Rxd6 31.Qc5 Ke7 32.a5 Kd7 33.Qb4 Kc7 34.g5 Qe6 
35.Qxd6+ Qxd6 36.Rxd6 Kxd6 37.Nd1 Ne6 38.Ne3 Kc5 39.Nc4 Nxg5 40.Kg2 f6 41.
c3 Nf7 42.Ne3 Nd6 43.Kf2 Kb5 44.b4 c5 45.Nd5 cxb4 46.cxb4 Kc4 47.Ke3 Nc8 
0-1

[Event "Elite Hotels Open 2015"]
[Site "Elite Stadshotellet, Vaxjo"]
[Date "2015.02.14"]
[Round "5.31"]
[White "Reid, Gregor J M"]
[Black "Qwarfort, Fredrik"]
[Result "1/2-1/2"]
[WhiteElo "2133"]
[BlackElo "1838"]
[EventDate "2015.02.13"]

1.Nf3 Nf6 2.g3 g6 3.Bg2 Bg7 4.O-O O-O 5.d3 c5 6.e4 d6 7.h3 Nc6 8.Nc3 Bd7 
9.Be3 a6 10.Qd2 b5 11.Bh6 b4 12.Ne2 e5 13.Nh2 Re8 14.Bxg7 Kxg7 15.f4 Ng8 
16.f5 f6 17.h4 Qb6 18.Kh1 Nd4 19.Nxd4 cxd4 20.Rf2 gxf5 21.Raf1 Rf8 22.Qe2 
fxe4 23.Bxe4 Bc6 24.Qg4+ Kh8 25.h5 Ra7 26.Qh4 Raf7 27.Kg1 Bxe4 28.dxe4 Qb7
29.Nf3 d5 30.Nd2 Qc6 31.exd5 Qxd5 32.Ne4 f5 33.Ng5 Rf6 34.g4 fxg4 35.Qxg4 
Rxf2 36.Rxf2 Rxf2 37.Kxf2 Nh6 38.Qc8+ Kg7 39.Ne6+ Kf6 40.Qf8+ Nf7 41.Nc7 
Qd7 42.Ne8+ Ke6 43.Ng7+ Kf6 44.Ne8+ Ke6 1/2-1/2

[Event "Elite Hotels Open 2015"]
[Site "Elite Stadshotellet, Vaxjo"]
[Date "2015.02.14"]
[Round "5.34"]
[White "Stenman, Christoffer"]
[Black "Lindahl, Emil"]
[Result "1/2-1/2"]
[WhiteElo "1939"]
[BlackElo "2140"]
[EventDate "2015.02.13"]

1.e4 c5 2.Nc3 a6 3.a4 e6 4.g3 b6 5.Bg2 Bb7 6.Nge2 Qc7 7.O-O Nf6 8.d3 d6 9.
f4 Nc6 10.f5 e5 11.Bg5 Nd4 12.Qd2 Rc8 13.Bxf6 gxf6 14.Nd5 Bxd5 15.exd5 h5 
16.Rae1 h4 17.c3 Bh6 18.Qd1 Nxe2+ 19.Qxe2 hxg3 20.hxg3 Bg5 21.c4 Ke7 22.b3
a5 23.Kf2 Qd7 24.Qe4 Bd2 25.Rd1 Bc3 26.Rh1 Rcg8 27.Rxh8 Rxh8 28.Rh1 Rxh1 
29.Bxh1 Qe8 30.Qh4 Qg8 31.Bf3 Qg7 32.Ke2 Bb2 33.Bg4 Bc1 34.Kf3 Bg5 35.Qh5 
Qg8 36.Kg2 Kf8 37.Kf2 Kg7 38.Bf3 Qe8 39.Qg4 Qh8 40.Qh5 Qc8 41.Qg4 Qe8 42.
Ke2 Qg8 43.Kf2 Qe8 44.Ke2 Qg8 45.Kf2 Kf8 46.Qh5 Ke7 47.Ke2 Qg7 48.Kf2 Bc1 
49.Bg4 Bh6 50.Bf3 Bg5 51.Bg4 Qg8 52.Bf3 Kf8 53.Bg4 Kg7 54.Bf3 Qe8 55.Qg4 
Qd7 56.Ke2 Qa7 57.Qe4 Qa8 58.Qg4 Qh8 59.Qh5 Qb8 60.Qg4 Qa7 61.Qe4 Kf8 62.
Kf1 Kg7 63.Ke2 Qb7 64.Qg4 Qc8 65.Kf1 Qe8 66.Kf2 Qg8 67.Ke2 Qh7 68.Kf2 Qh2+
69.Bg2 Qh6 70.Qh3 Be3+ 71.Kf3 Qg5 72.Qg4 Qxg4+ 1/2-1/2

[Event "Elite Hotels Open 2015"]
[Site "Elite Stadshotellet, Vaxjo"]
[Date "2015.02.14"]
[Round "5.35"]
[White "Tuomainen, Felix"]
[Black "Svensson, Anders 1971"]
[Result "1-0"]
[WhiteElo "1929"]
[BlackElo "2131"]
[EventDate "2015.02.13"]

1.d4 Nf6 2.c4 g6 3.Nc3 Bg7 4.e4 d6 5.f4 O-O 6.Nf3 c5 7.d5 e6 8.dxe6 fxe6 
9.Bd3 Nc6 10.O-O Nd4 11.Qe1 Nh5 12.g3 e5 13.Nxd4 exd4 14.Nd5 Nf6 15.Nxf6+ 
Qxf6 16.f5 gxf5 17.exf5 Bd7 18.g4 Rae8 19.Qg3 Re3 20.Bxe3 dxe3 21.g5 Qd4 
22.f6 Qxd3 23.fxg7 Rf5 24.Rxf5 Bxf5 25.Re1 e2 26.Qxd3 Bxd3 27.b3 a6 28.Kf2
b5 29.Rc1 bxc4 30.bxc4 Kxg7 31.Rc3 Bf5 32.Kxe2 Kg6 33.Ra3 Be6 34.Kd3 Bc8 
35.Ke4 Kxg5 36.Kd5 1-0

[Event "Elite Hotels Open 2015"]
[Site "Elite Stadshotellet, Vaxjo"]
[Date "2015.02.14"]
[Round "5.37"]
[White "Lindborg, Patrik"]
[Black "Karlsson, Roger"]
[Result "0-1"]
[WhiteElo "2127"]
[BlackElo "1921"]
[EventDate "2015.02.13"]

1.d4 d5 2.c4 c6 3.Nc3 g6 4.cxd5 cxd5 5.Qb3 e6 6.Bf4 Bd6 7.Bxd6 Qxd6 8.e4 
Ne7 9.Nb5 Qb6 10.Qg3 O-O 11.Nc7 Qxb2 12.Rd1 Qb4+ 13.Rd2 Qb1+ 14.Rd1 Qb4+ 
15.Rd2 Qb1+ 16.Ke2 Na6 17.Nxa8 Bd7 18.Qh4 Bb5+ 19.Ke3 Bxf1 20.Nf3 f5 21.
Ng5 Qe1+ 22.Kf3 fxe4+ 23.Kg4 h5+ 24.Kh3 Qxd2 25.Nxe4 dxe4 26.Qxe7 Bxg2+ 
27.Kh4 Qf4# 0-1

[Event "Elite Hotels Open 2015"]
[Site "Elite Stadshotellet, Vaxjo"]
[Date "2015.02.14"]
[Round "5.38"]
[White "Gutzmann, Tobias"]
[Black "Wester, Fredrik"]
[Result "1-0"]
[WhiteElo "2101"]
[BlackElo "1920"]
[EventDate "2015.02.13"]

1.d4 Nf6 2.c4 e6 3.g3 c5 4.d5 d6 5.Nc3 Be7 6.Bg2 O-O 7.Nf3 exd5 8.cxd5 Bg4
9.Nd2 Nbd7 10.O-O Bh5 11.h3 Ne8 12.g4 Bg6 13.e4 Bf6 14.Kh1 c4 15.f4 h6 16.
Nxc4 Rc8 17.Ne3 Bxc3 18.bxc3 Rxc3 19.Qd4 Rc5 20.Bd2 a5 21.Bc3 b5 22.a3 Qc7
23.Rfc1 f6 24.Qd2 a4 25.Bb4 Rxc1+ 26.Rxc1 Qa7 27.f5 Bf7 28.Bf1 Ne5 29.Bxb5
Nf3 30.Qf2 Ng5 31.Nd1 Qe7 32.Nc3 Nxe4 33.Qe3 Nc7 34.Bc6 Re8 35.Bxe8 Bxd5 
36.Nxd5 Nxd5 37.Qf3 Nxb4 38.Bg6 Nc2 39.Rxc2 Qb7 40.Kh2 d5 41.Qf4 d4 42.
Qxe4 1-0

[Event "Elite Hotels Open 2015"]
[Site "Elite Stadshotellet, Vaxjo"]
[Date "2015.02.14"]
[Round "5.39"]
[White "Winfridsson, Hakan"]
[Black "Helin, Mikael"]
[Result "1-0"]
[WhiteElo "2080"]
[BlackElo "1915"]
[EventDate "2015.02.13"]

1.e4 c5 2.Nf3 a6 3.c4 e6 4.Nc3 Qc7 5.Be2 b6 6.O-O Bb7 7.d3 Nc6 8.Be3 Nf6 
9.Nh4 h5 10.f4 Nd4 11.e5 Ng4 12.Bxg4 hxg4 13.Qxg4 Nc2 14.Rae1 Nxe1 15.Rxe1
d6 16.f5 d5 17.cxd5 exd5 18.Bg5 c4 19.d4 b5 20.e6 Bd6 21.f6 Bxh2+ 22.Kf1 
Rxh4 23.exf7+ Kf8 24.fxg7+ Kxf7 25.Qxh4 Bd6 26.Qh5+ Kxg7 27.Bh6+ Kg8 28.
Qg6+ Kh8 29.Re6 Bf8 30.Bg5 1-0

[Event "Elite Hotels Open 2015"]
[Site "Elite Stadshotellet, Vaxjo"]
[Date "2015.02.14"]
[Round "5.41"]
[White "Sevastianov, Andrii"]
[Black "Andersson, Thorbjorn"]
[Result "1-0"]
[WhiteElo "2071"]
[BlackElo "1903"]
[EventDate "2015.02.13"]

1.c4 Nf6 2.g3 g6 3.Bg2 Bg7 4.Nc3 O-O 5.e4 d6 6.Nge2 e5 7.O-O Nc6 8.d3 Be6 
9.Nd5 Ne7 10.Bg5 Nfxd5 11.cxd5 Bg4 12.f3 Bd7 13.Rc1 f6 14.Be3 c6 15.dxc6 
Bxc6 16.Qb3+ Kh8 17.Nc3 d5 18.Bc5 d4 19.Nb5 Bxb5 20.Qxb5 b6 21.Ba3 Re8 22.
Bh3 Bh6 23.Rc2 Be3+ 24.Kg2 h5 25.b3 Bh6 26.Qc4 f5 27.Qf7 Ng8 28.Qxg6 Qg5 
29.Bxf5 Nf6 30.Rc6 Qxg6 31.Bxg6 Rec8 32.Rxf6 Kg7 33.Re6 Be3 34.Bd6 Rc2+ 
35.Kh3 Rxa2 36.Bxe5+ Kg8 37.Bxh5 Rc8 38.f4 Rcc2 39.f5 Rxh2+ 40.Kg4 Rag2 
41.Re8+ Kh7 42.Rh8# 1-0

[Event "Elite Hotels Open 2015"]
[Site "Elite Stadshotellet, Vaxjo"]
[Date "2015.02.14"]
[Round "5.43"]
[White "Frantz, Dylan"]
[Black "Neretljak, Nedzad"]
[Result "1/2-1/2"]
[WhiteElo "1891"]
[BlackElo "2029"]
[EventDate "2015.02.13"]

1.e4 e6 2.b3 d5 3.Bb2 Nf6 4.e5 Nfd7 5.Nf3 c5 6.d4 Nc6 7.c4 cxd4 8.cxd5 
Bb4+ 9.Nbd2 exd5 10.Bb5 Bc3 11.Qc2 Nb4 12.Qf5 O-O 13.Bxc3 dxc3 14.Nf1 Nc5 
15.Qb1 c2 1/2-1/2

[Event "Elite Hotels Open 2015"]
[Site "Elite Stadshotellet, Vaxjo"]
[Date "2015.02.14"]
[Round "5.44"]
[White "Nilsson, Mikael"]
[Black "Bragesjo, Tomas"]
[Result "1-0"]
[WhiteElo "2026"]
[BlackElo "1900"]
[EventDate "2015.02.13"]

1.e4 c5 2.Nf3 e6 3.d4 cxd4 4.Nxd4 Nc6 5.g3 h5 6.h4 Qc7 7.c3 a6 8.Bg2 Nf6 
9.Bg5 Be7 10.Nd2 Ne5 11.Qe2 d6 12.O-O-O Rb8 13.Kb1 b5 14.f4 Neg4 15.e5 Nd5
16.Bxd5 exd5 17.exd6 Qxd6 18.Bxe7 1-0

[Event "Elite Hotels Open 2015"]
[Site "Elite Stadshotellet, Vaxjo"]
[Date "2015.02.14"]
[Round "5.45"]
[White "Gummesson, Anton"]
[Black "Jakenberg, Jussi"]
[Result "1-0"]
[WhiteElo "1863"]
[BlackElo "2019"]
[EventDate "2015.02.13"]

1.e4 e5 2.Nc3 Nf6 3.Nf3 Nc6 4.g3 Bb4 5.Bg2 O-O 6.O-O d6 7.d3 Bg4 8.h3 Bxf3
9.Bxf3 Nd4 10.Bg2 Bc5 11.Na4 a6 12.Nxc5 dxc5 13.f4 Nd7 14.Be3 b6 15.Qd2 f6
16.Rad1 Qe7 17.Kh2 Rad8 18.f5 b5 19.g4 c4 20.c3 Nc6 21.dxc4 Nb6 22.Qf2 
Nxc4 23.Bc5 Nd6 24.Rd5 Na5 25.Rfd1 Nab7 26.Ba3 c6 27.R5d3 Qc7 28.Qa7 Nc8 
29.Rxd8 1-0

[Event "Elite Hotels Open 2015"]
[Site "Elite Stadshotellet, Vaxjo"]
[Date "2015.02.14"]
[Round "5.47"]
[White "Karlsson, Robin"]
[Black "Blazekovic, Nina"]
[Result "1-0"]
[WhiteElo "2012"]
[BlackElo "1885"]
[EventDate "2015.02.13"]

1.c4 Nf6 2.Nc3 g6 3.g3 Bg7 4.Bg2 d6 5.d4 O-O 6.Nf3 c5 7.O-O Nc6 8.h3 cxd4 
9.Nxd4 Nxd4 10.Qxd4 Nd7 11.Qh4 Ne5 12.Bg5 f6 13.Be3 Bd7 14.Nb5 Nc6 15.Rfd1
g5 16.Qe4 Qc8 17.Kh2 f5 18.Qd5+ Be6 19.Qxe6+ Qxe6 20.Bd5 Qxd5 21.cxd5 Ne5 
22.Bxg5 Rf7 23.Rac1 Ng6 24.Nc7 Rb8 25.b4 f4 26.Ne6 fxg3+ 27.Kxg3 Be5+ 28.
f4 Bg7 29.Kg4 h6 30.Bh4 Nxh4 31.Kxh4 Kh7 32.Kg4 Bf6 33.Kf3 a5 34.b5 b6 35.
a4 Bh4 36.Rg1 Bf6 37.Kg4 Bh8 38.e4 Rf6 39.Kh5 Rb7 40.Rc8 Rd7 41.Rgg8 Rd8 
42.Rcxd8 1-0

[Event "Elite Hotels Open 2015"]
[Site "Elite Stadshotellet, Vaxjo"]
[Date "2015.02.14"]
[Round "5.48"]
[White "Waara, Jorgen"]
[Black "Svensson, Hakan"]
[Result "1-0"]
[WhiteElo "1863"]
[BlackElo "2011"]
[EventDate "2015.02.13"]

1.d4 g6 2.c4 Bg7 3.Nc3 c5 4.d5 Bxc3+ 5.bxc3 f5 6.Nf3 Qa5 7.Qc2 Nf6 8.h4 d6
9.Bd2 Nbd7 10.e3 Ne5 11.Be2 Bd7 12.a4 h6 13.Nd4 Ne4 14.Ne6 Bxe6 15.dxe6 
O-O-O 16.Rb1 a6 17.Qb3 Qc7 18.f3 Nf6 19.f4 Neg4 20.Bf3 Ne4 21.Qc2 Ngf6 22.
O-O d5 23.cxd5 Rxd5 24.Rfd1 Rhd8 25.Be1 Rxd1 26.Rxd1 Rxd1 27.Qxd1 Qd6 28.
Qb3 Qd3 29.Qb2 Qxe3+ 30.Bf2 Qxf2+ 31.Qxf2 Nxf2 32.Kxf2 b5 33.a5 Ne4+ 34.
Bxe4 fxe4 35.g4 Kd8 36.Ke3 b4 37.cxb4 cxb4 38.Kxe4 b3 39.Kd3 b2 40.Kc2 
b1=Q+ 41.Kxb1 h5 42.g5 Kc7 43.f5 1-0

[Event "Elite Hotels Open 2015"]
[Site "Elite Stadshotellet, Vaxjo"]
[Date "2015.02.14"]
[Round "5.49"]
[White "Rishovd, Svein"]
[Black "Westerlund, Ola"]
[Result "1-0"]
[WhiteElo "2010"]
[BlackElo "1875"]
[EventDate "2015.02.13"]

1.c4 e5 2.g3 Nf6 3.Bg2 h6 4.Nc3 Bb4 5.Nf3 Bxc3 6.bxc3 Nc6 7.O-O O-O 8.d3 
Re8 9.e4 Na5 10.Nd2 d6 11.h3 Nd7 12.f4 Nc5 13.Nf3 f5 14.Nh4 fxe4 15.f5 
Nxd3 16.f6 Be6 17.f7+ Bxf7 18.Rxf7 Kxf7 19.Qh5+ Kg8 20.Bxe4 Nxc1 21.Bd5+ 
Kh8 22.Ng6+ Kh7 23.Qf5 Ne2+ 24.Kh2 Qg5 25.Nf8+ Kh8 26.Qh7# 1-0

[Event "Elite Hotels Open 2015"]
[Site "Elite Stadshotellet, Vaxjo"]
[Date "2015.02.14"]
[Round "5.50"]
[White "Hagglund, Lars"]
[Black "Andersson, Sven-Olof"]
[Result "1/2-1/2"]
[WhiteElo "1861"]
[BlackElo "1999"]
[EventDate "2015.02.13"]

1.d4 Nf6 2.Nf3 g6 3.Nc3 d5 4.Bf4 c6 5.e3 Bg7 6.Be2 O-O 7.Ne5 Nbd7 8.h4 
Nxe5 9.Bxe5 Ne4 10.Nxe4 Bxe5 11.dxe5 dxe4 12.Qd4 Qxd4 13.exd4 Be6 14.O-O-O
f6 15.exf6 exf6 1/2-1/2

[Event "Elite Hotels Open 2015"]
[Site "Elite Stadshotellet, Vaxjo"]
[Date "2015.02.14"]
[Round "5.52"]
[White "Ravik, Andreas"]
[Black "Knutsson, Hakan"]
[Result "1/2-1/2"]
[WhiteElo "1841"]
[BlackElo "1987"]
[EventDate "2015.02.13"]

1.d4 Nf6 2.c4 e6 3.g3 d5 4.Nc3 Be7 5.Nf3 O-O 6.Bg2 dxc4 7.O-O c6 8.Ne5 
Nbd7 9.Nxc4 Nb6 10.Ne5 Nfd7 11.Qb3 Nxe5 12.dxe5 Qc7 13.f4 Bd7 14.Be3 Nd5 
15.Nxd5 cxd5 16.Rac1 Bc6 17.Bd4 Qd7 18.Qe3 b6 19.Bh3 h6 20.Bg4 Qb7 21.h4 
Bd7 22.f5 exf5 23.Bxf5 Be6 24.Bb1 Rac8 25.Rcd1 Bc5 26.Bxc5 bxc5 27.Rf6 c4 
28.Rdf1 Qb6 29.Qxb6 axb6 30.R6f4 c3 31.bxc3 Rxc3 32.R4f3 Rfc8 33.Kf2 Kf8 
34.Rd1 Ke7 35.Bd3 Ra3 36.Rb1 Rb8 37.Rb2 d4 38.Bb1 1/2-1/2

[Event "Elite Hotels Open 2015"]
[Site "Elite Stadshotellet, Vaxjo"]
[Date "2015.02.14"]
[Round "5.53"]
[White "Goransson, Martin"]
[Black "Darnell, Anton"]
[Result "1-0"]
[WhiteElo "1968"]
[BlackElo "1842"]
[EventDate "2015.02.13"]

1.c4 Nf6 2.g3 e6 3.Bg2 d5 4.Nf3 Be7 5.O-O O-O 6.b3 c5 7.Bb2 Nc6 8.e3 b6 9.
cxd5 exd5 10.d4 Ne4 11.Nc3 Ba6 12.Re1 Nb4 13.Ne5 f6 14.a3 Nxf2 15.Qh5 fxe5
16.axb4 Bd3 17.Qxe5 cxb4 18.Qxd5+ Kh8 19.Qxd8 Raxd8 20.Nd5 Nh3+ 21.Bxh3 
Rxd5 22.Rxa7 Bf6 23.Bf1 Be4 24.Bg2 Bxg2 25.Kxg2 Rc8 26.Re2 Kg8 27.e4 Re8 
28.Kf3 Rdd8 29.e5 Bg5 30.Ke4 Re7 31.Rxe7 Bxe7 32.d5 Bc5 33.d6 Bxd6 34.exd6
Rxd6 35.Rc2 Rd1 36.Rc4 Rd2 37.Be5 Rxh2 38.Rxb4 h5 39.Rxb6 h4 40.Rb8+ Kf7 
41.gxh4 Rxh4+ 42.Kf3 g6 43.Rb6 Rh5 44.Ke4 Rf5 45.b4 Rf1 46.b5 g5 47.Rf6+ 
Rxf6 48.Bxf6 Ke6 49.Bxg5 Kd7 1-0

[Event "Elite Hotels Open 2015"]
[Site "Elite Stadshotellet, Vaxjo"]
[Date "2015.02.14"]
[Round "5.54"]
[White "Petersson, Baldur Teodor"]
[Black "Troberg Eskola, Love"]
[Result "1-0"]
[WhiteElo "1958"]
[BlackElo "1614"]
[EventDate "2015.02.13"]

1.d4 f5 2.Nf3 Nf6 3.e3 g6 4.Bd3 Bg7 5.Nbd2 O-O 6.O-O d6 7.Re1 Nc6 8.c3 e5 
9.d5 Ne7 10.e4 h6 11.c4 f4 12.b4 g5 13.Kf1 Ng6 14.Qb3 g4 15.Ng1 g3 16.h3 
gxf2 17.Kxf2 Nh5 18.Ngf3 Ng3 19.Bb2 c6 20.c5 Kh8 21.Rac1 Ne7 22.cxd6 Qxd6 
23.Nc4 Qd8 24.Ncxe5 cxd5 25.exd5 Bd7 26.Nh4 Be8 27.Red1 Qb6+ 28.Rc5 Rd8 
29.Nc4 Bxb2 30.Nxb6 Bd4+ 31.Ke1 Bxc5 32.bxc5 axb6 33.Qxb6 Ba4 34.Qxh6+ 1-0

[Event "Elite Hotels Open 2015"]
[Site "Elite Stadshotellet, Vaxjo"]
[Date "2015.02.14"]
[Round "5.56"]
[White "Sorensen, Hampus"]
[Black "Kalinin, Oleksandr"]
[Result "0-1"]
[WhiteElo "1847"]
[BlackElo "2050"]
[EventDate "2015.02.13"]

1.d4 Nf6 2.Nf3 e6 3.e3 b6 4.c4 Bb7 5.Nbd2 Be7 6.b3 O-O 7.Bb2 Ne4 8.a3 c5 
9.Be2 f5 10.O-O d6 11.Qc2 Qe8 12.Rfe1 Qg6 13.Bf1 Nd7 14.Rad1 Ndf6 15.h3 
Rf7 16.b4 Raf8 17.dxc5 bxc5 18.b5 Bd8 19.Qa4 Ba8 20.Ba1 Nh5 21.Re2 f4 22.
Nxe4 Bxe4 23.Kh2 fxe3 24.Rxe3 Bc2 25.Nh4 Bxh4 0-1

[Event "Elite Hotels Open 2015"]
[Site "Elite Stadshotellet, Vaxjo"]
[Date "2015.02.14"]
[Round "5.58"]
[White "Nilsson, Kristoffer"]
[Black "Isaxon, Alf"]
[Result "1/2-1/2"]
[WhiteElo "1822"]
[BlackElo "2014"]
[EventDate "2015.02.13"]

1.d4 d5 2.Nf3 Nc6 3.Bf4 Bg4 4.e3 e6 5.c3 Nge7 6.Bd3 Ng6 7.Bg3 Bd6 8.Qc2 
Qf6 9.Nbd2 e5 10.Bxg6 hxg6 11.Qb3 O-O-O 12.Qxd5 exd4 13.Ne4 Bxf3 14.gxf3 
Nb4 15.Nxf6 Nxd5 16.Nxd5 Bxg3 17.fxg3 Rxd5 18.cxd4 Rdh5 19.O-O-O Rxh2 20.
Rxh2 Rxh2 21.Rd2 Rh3 22.Rg2 Kd7 23.Kd2 Ke6 24.e4 f5 25.Ke3 g5 26.exf5+ 
Kxf5 27.g4+ Ke6 28.Ke4 c6 29.Rd2 Rh1 30.Re2 g6 31.Kd3+ Kf6 1/2-1/2

[Event "Elite Hotels Open 2015"]
[Site "Elite Stadshotellet, Vaxjo"]
[Date "2015.02.14"]
[Round "5.59"]
[White "Lindberg, Cajsa"]
[Black "Eriksson, Lennarth"]
[Result "1-0"]
[WhiteElo "1783"]
[BlackElo "2009"]
[EventDate "2015.02.13"]

1.d4 Nf6 2.c4 c5 3.e3 g6 4.Nc3 Bg7 5.Nf3 Na6 6.Be2 O-O 7.O-O d6 8.d5 e6 9.
e4 exd5 10.exd5 Nc7 11.Rb1 a6 12.b4 b6 13.bxc5 bxc5 14.h3 Bf5 15.Bd3 Qd7 
16.Bxf5 Qxf5 17.Rb6 Rad8 18.Be3 Rfe8 19.Rc6 Re7 20.Qb3 h6 21.Bxc5 dxc5 22.
d6 Red7 23.dxc7 Rc8 24.Qb7 Rd3 25.Na4 Ne4 26.Nxc5 Nxc5 27.Rxc5 Qd7 28.a4 
Rd6 29.Re1 Bc3 30.Rb1 Rd1+ 31.Rxd1 Qxd1+ 32.Kh2 Qd6+ 33.g3 Qxc5 34.Qxc8+ 
Kg7 35.Kg2 Ba5 36.Qxa6 Bxc7 37.Qb5 Qa7 38.c5 Qa8 39.c6 Qd8 40.Qb2+ Kg8 41.
Qd4 Qb8 42.Qd5 Qb2 43.Qe4 Bb6 44.Qe8+ Kh7 45.Qxf7+ Kh8 46.Qe8+ Kh7 47.Qe1 
Qc2 48.a5 1-0

[Event "Elite Hotels Open 2015"]
[Site "Elite Stadshotellet, Vaxjo"]
[Date "2015.02.14"]
[Round "5.61"]
[White "Aira, Leonardo"]
[Black "Subramanian, Aditya"]
[Result "1/2-1/2"]
[WhiteElo "1703"]
[BlackElo "1957"]
[EventDate "2015.02.13"]

1.e4 e5 2.f4 d5 3.exd5 exf4 4.Nf3 Nf6 5.Nc3 Nxd5 6.Bc4 Be6 7.Qe2 Be7 8.O-O
Nxc3 9.dxc3 Bxc4 10.Qxc4 c6 11.Bxf4 O-O 12.Kh1 Nd7 13.Rad1 Qc8 14.Rd3 Nc5 
15.Re3 Ne6 16.Nd4 Nxf4 17.Rxe7 Qg4 18.g3 Ne6 19.Qe2 Qxe2 20.Nxe2 Rae8 21.
Rxe8 Rxe8 22.Rd1 Rd8 23.Rd3 c5 24.b3 Kf8 25.Kg2 Ke7 26.Kf3 Rd6 27.Nf4 Nxf4
28.Kxf4 Rf6+ 29.Ke3 Re6+ 30.Kf3 Re1 31.Rd5 b6 32.c4 Rc1 33.Rd2 h5 34.h4 f6
35.Re2+ Kd6 36.Rd2+ Ke6 37.Kf4 Rf1+ 38.Ke4 g6 39.Ke3 Kf5 40.Ke2 Ra1 41.a4 
Kg4 42.Kf2 Ra2 43.Kg2 g5 44.hxg5 fxg5 45.Rf2 Ra1 46.Rf7 Rd1 47.Rf2 Rd7 48.
Re2 Kf5 49.Rf2+ Kg6 50.Kh3 Rf7 51.Rd2 g4+ 52.Kh4 Rf1 53.Rd6+ Rf6 54.Rd5 
Rf1 55.Rd6+ 1/2-1/2

[Event "Elite Hotels Open 2015"]
[Site "Elite Stadshotellet, Vaxjo"]
[Date "2015.02.14"]
[Round "5.62"]
[White "Torngren, Gustav"]
[Black "Piechot, Steffen"]
[Result "1/2-1/2"]
[WhiteElo "1356"]
[BlackElo "1945"]
[EventDate "2015.02.13"]

1.b3 e5 2.Bb2 Nc6 3.g3 d5 4.Bg2 Nf6 5.d3 Bb4+ 6.Nd2 O-O 7.e3 Bg4 8.Ne2 Re8
9.O-O Qd7 10.Rc1 Rad8 11.c3 Bf8 12.Re1 h5 13.h4 Bh3 14.d4 e4 15.Bxh3 Qxh3 
16.Nf4 Qf5 17.Qe2 Bd6 18.Ng2 Ng4 19.c4 Nb4 20.Rf1 Nd3 21.Rc2 Nf6 22.Kh2 
Ng4+ 23.Kg1 Re6 24.c5 Bf8 25.Ne1 Rde8 26.f3 Nxe1 27.fxg4 Qxf1+ 28.Kxf1 
Nxc2 29.a3 hxg4 30.Kg2 Rf6 31.Nf1 Nxa3 32.Bxa3 Ra6 33.Bc1 f5 34.Qf2 g6 35.
h5 Bh6 36.hxg6 Rf8 37.Qb2 Rff6 38.b4 Rxg6 39.b5 Rae6 40.Qa2 c6 41.Qxa7 Rg7
42.b6 Rd7 43.Kf2 Kf7 44.Bd2 Re8 45.Kg2 Bg7 46.Kf2 Rh8 47.Kg2 Ke6 48.Be1 
Bf6 49.Bf2 Rh3 50.Qb8 Rh8 51.Qa7 Re8 52.Bg1 Kf7 53.Bf2 Kg6 54.Bg1 Rh7 55.
Bf2 Ree7 56.Bg1 Rh8 1/2-1/2